Drinkin' and Dreamin' lyrics (Waylon Jennings) - Statistics

General Stats
  • This quiz has been taken 3 times
  • The average score is 93 of 235
Answer Stats
Lyrics % Correct
a
100%
And
100%
and
100%
can't
100%
dreamin',
100%
dreamin'
100%
I
100%
my
100%
bar,
67%
don't
67%
Drink
67%
Drinkin'
67%
go
67%
in
67%
like
67%
me
67%
of
67%
out
67%
to
67%
well
67%
about
33%
all
33%
All
33%
at
33%
be
33%
been
33%
car
33%
damn
33%
down
33%
Everybody's
33%
for
33%
get
33%
got
33%
I'll
33%
I'm
33%
is
33%
it
33%
it's
33%
I've
33%
just
33%
know
33%
knowin'
33%
Knowin'
33%
L.A.,
33%
land
33%
line
33%
look
33%
lookin'
33%
miles
33%
mind
33%
off
33%
road,
33%
see
33%
she
33%
So
33%
some
33%
Some
33%
standin'
33%
take
33%
that
33%
the
33%
there
33%
this
33%
This
33%
thousand
33%
time
33%
tonight
33%
under
33%
understand
33%
wastin'
33%
way
33%
what
33%
When
33%
woman
33%
able
0%
ain't
0%
are
0%
Are
0%
behind
0%
body
0%
born
0%
But
0%
but
0%
disguise
0%
free
0%
gets
0%
heart
0%
here
0%
How
0%
If
0%
job
0%
leave
0%
Mexico
0%
never
0%
Old
0%
or
0%
people
0%
promised
0%
really
0%
ridin'
0%
She's
0%
skin
0%
soul
0%
suit
0%
table,
0%
Texas,
0%
tie,
0%
tied
0%
'til
0%
wind
0%
No matching quizzes found
Score Distribution
Percent of People with Each Score
Percentile by Number Answered
Your Score History
You have not taken this quiz